Crc concise encyclopedia of mathematics, second edition / (Record no. 61303)

000 -LEADER
fixed length control field 00674 a2200205 4500
003 - CONTROL NUMBER IDENTIFIER
control field NUST
005 - DATE AND TIME OF LATEST TRANSACTION
control field 20180118110418.0
008 - FIXED-LENGTH DATA ELEMENTS--GENERAL INFORMATION
fixed length control field 180117b xxu||||| |||| 00| 0 eng d
020 ## - INTERNATIONAL STANDARD BOOK NUMBER
International Standard Book Number 1584883472
020 ## - INTERNATIONAL STANDARD BOOK NUMBER
International Standard Book Number 9781584883470
040 ## - CATALOGING SOURCE
Transcribing agency NUST
082 04 - DEWEY DECIMAL CLASSIFICATION NUMBER
Classification number 510.3
100 1# - MAIN ENTRY--PERSONAL NAME
Personal name Weisstein, Eric W.
9 (RLIN) 8569
245 10 - TITLE STATEMENT
Title Crc concise encyclopedia of mathematics, second edition /
Statement of responsibility, etc. Eric W. Weisstein.
250 ## - EDITION STATEMENT
Edition statement 2nd ed.
260 ## - PUBLICATION, DISTRIBUTION, ETC.
Place of publication, distribution, etc. [S.l.] :
Name of publisher, distributor, etc. Chapman and Hall/CRC,
Date of publication, distribution, etc. 2002.
300 ## - PHYSICAL DESCRIPTION
Extent 3252 p. ;
Dimensions 29 cm.
942 ## - ADDED ENTRY ELEMENTS (KOHA)
Institution code [OBSOLETE] SNS
Koha item type Book
Call number prefix 510.3 WEI
Source of classification or shelving scheme
Holdings
Withdrawn status Lost status Source of classification or shelving scheme Damaged status Not for loan Permanent Location Current Location Shelving location Date acquired Source of acquisition Cost, normal purchase price Total Checkouts Full call number Barcode Date last seen Cost, replacement price Price effective from Koha item type
          Pakistan Navy Engineering College (PNEC) Pakistan Navy Engineering College (PNEC) Reference 05/22/2003 Pak Book Corporation 7349.00   510.3 WEI PNECLIB-025923 10/24/2014 7349.00 05/22/2003 Book
© 2023 Central Library, National University of Sciences and Technology. All Rights Reserved.